Enflasyonla mücadele ve orta vadeli bir sosyo-ekonomik program önerisi (Record no. 3835)

MARC details
000 -BAŞLIK
Sabit Uzunlukta Kontrol Alanı 00692na a2200229 4500
001 - KONTROL NUMARASI
Denetim Alanı 19773
003 - KONTROL NUMARASI IDENTIFIER
Denetim Alanı MIRAKIL
005 - SON İŞLEM TARİHİ VE ZAMANI
Denetim Alanı 20181213154945.0
008 - SABİT-BOY VERİ ELEMANLARI - GENEL BİLGİLER
Sabit Uzunlukta Kontrol Alanı 161227b tu 000 0
040 ## - KATALOGLAMA KAYNAK
Orijinal Kataloglama Ajansı Milas
Kataloglama Dili tur
Metne Dönüştürmek Ajansı TR-AnCHP
041 ## - DİL KODU
Metin / Ses Parça Veya Ayrı Başlığın Dil Kodu tur
082 ## - DEWEY ONLU SINIFLANDIRMA NUMARASI
Sınıflandırma Numarası CHP 332.41
Ürün Numarası T97e 1993
090 ## - SINIFLAMA NUMARASI
Sınıflama Numarası CHP 332.41 T97e 1993
100 ## - ANA GİRİŞ - KİŞİSEL İSİM
Kişisel Ad Tütüncü, Enis
Bir Adıyla İlişkilendirilen Başlıklar Ve Kelimeler Milletvekili
245 ## - BAŞLIK TABLOSU
Başlık Enflasyonla mücadele ve orta vadeli bir sosyo-ekonomik program önerisi
Başlığın Kalan "EMOSEP-1993"
Sorumluluk Tablosu, Vb Enis Tütüncü
246 ## - UNVAN FORM VARYING
Başlık Doğru / Kısa Başlığı EMOSEP-1993
260 ## - YAYIN, DAĞITIM, VB
Yayın, Dağıtım, Vb Yeri [y.y.]
Yayıncı, Dağıtıcı, Vs Adı [yayl.y.]
Yayın, Dağıtım, Vb Tarihi 1993
300 ## - FİZİKSEL TANIM
Kapsam 63 s.
Boyutlar 25 sm.
610 ## - KONU KATMA GİRİŞ - TOPLANTI ADI
Giriş Elemanı Olarak Kurumsal Ad Veya Yargı Alanı Adı CHP
Genel Alt Bölüm Ekonomi
Kronolojik Alt Bölüm Program önerileri
650 ## - KONU KATMA GİRİŞ - TOPİKAL DÖNEM
Topikal Süreli Veya Coğrafi Ad Giriş Elemanı Enflasyon
Genel Alt Bölümü Çözüm önerileri
942 ## - EKLENDİ GİRİŞ ELEMANLARI (KOHA)
Sınıflandırma Veya Raf Düzeni Kaynak Dewey Decimal Classification
Koha Öğesi Türü Books
999 ## - SİSTEM KONTROL NUMARALARI (KOHA)
Koha Biblionumber 3835
Koha Biblioitemnumber 3835
Holdings
Kalıcı Konum Mevcut Konum Edinme Tarihi Edinim Kaynak Toplam Check-Out'Lar Tam Çağrı Numarası Barkod Tarih Son Görülme İtibaren Geçerli Fiyatlar Koha Öğesi Türü
CHP Kütüphanesi CHP Kütüphanesi 12/27/2016 Bağış   CHP 332.41 T97e 1993 010303 12/27/2016 12/27/2016 Books